|
|
|
|
| LEADER |
00000nab a2200000 a 4500 |
| 001 |
vtls000543410 |
| 003 |
SK-MaSNL |
| 005 |
20260304001428.0 |
| 008 |
160204c1994 xo 0 slo |
| 015 |
|
|
|a SNBRA19rr/mm-uuuuu
|
| 035 |
|
|
|a CL0543548
|
| 040 |
|
|
|a SNKBUCL
|b slo
|c SNKBUCL
|e AACR2
|
| 041 |
0 |
|
|a slo
|
| 044 |
|
|
|a xo
|c SK
|
| 080 |
|
|
|a 621.43.06:534.831.001.573
|2 1981
|
| 080 |
|
|
|a 534.831.001.573
|2 1981
|
| 100 |
1 |
|
|a Petrák, Peter
|4 aut
|9 429647
|
| 245 |
1 |
0 |
|a Modelovanie hluku vyžarovaného koncovkou výfuku spaľovacieho motora
|c Peter Petrák, Marián Polóni
|
| 300 |
|
|
|b Grafy 5, sch. 3, res. angl., lit. 11 zázn. v angl., nem.
|
| 650 |
0 |
7 |
|a spaľovacie motory
|2 snkbucl
|9 67366
|
| 650 |
0 |
7 |
|a výfukové systémy
|2 snkbucl
|9 115750
|
| 650 |
0 |
7 |
|a hluk
|2 snkbucl
|9 3699
|
| 655 |
|
7 |
|a články zo zborníkov
|2 snkbucl
|9 166140
|
| 700 |
1 |
|
|a Polóni, Marián,
|d 1948-
|4 aut
|9 160548
|
| 773 |
0 |
|
|t Zborník vedeckých prác Strojníckej fakulty Slovenskej technickej univerzity v Bratislave 22
|d Bratislava : Strojnícka fakulta STU, 1994
|g S. 147-159
|z 8022706396
|
| 850 |
|
|
|a Slovenská národná knižnica v Martine
|a MTA001
|
| 852 |
|
|
|a SNK
|b KIS3GCP
|
| 958 |
|
|
|a NB
|
| 958 |
|
|
|a RK
|
| 992 |
|
|
|a RZB
|
| 999 |
|
|
|c 2536708
|d 2538638
|